All Mortal Kombat Characters unfinished version - Statistics

General Stats
  • This quiz has been taken 124 times
  • The average score is 35 of 54
Answer Stats
Character Description Character Name % Correct
Acto who uses Martial Arts Johnny Cage
96%
Shaolin Monk Liu Kang
96%
Netherrealm Spectre Scorpion
95%
Female Member of Earthrealm's Special Forces Sonya
95%
Thunder God Raiden
94%
Leader of the Black Dragon Mercenaries Kano
91%
Lin Kuei Assassain that has Ice Powers Sub-Zero
91%
Shokan Warrior Goro
90%
Edenian Princess Kitana
88%
Shape Shifting Sorcerer Shang Tsung
88%
Lin Kuei Assassain with Smoke Powers Smoke
88%
Shaolin Monk that Wields Hat Kung Lao
86%
Tarkatan Warrior Baraka
85%
Half-Tarkatan Half-Edenian Mileena
84%
Lin Kuei Assassain that turned into a Wraith Noob Saibot
84%
Zaterra Warrior Reptile
84%
Special Forces Agent with Cybernetic Arms Jax
81%
Green Asssassain that wields Staff Jade
80%
Hooksword Wielder that Requires Respirator Kabal
79%
Edenian Queen Sindel
79%
Yellow Cyborg Cyrax
77%
Cluster of Souls Ermac
75%
Former Emperor of Outworld (Deceased) Shao Kahn
75%
Female Shokan Sheeva
74%
Female Ice Ninja Frost
70%
Water Wielding Ninja Rain
70%
Red Cyborg Sektor
70%
Ninja that Utilizes Camouflage Chameleon
62%
Tiger Shokan Kintaro
60%
Drunken Martial Arts Master Bo' Rai Cho
59%
Wind God Fujin
59%
Minotaur Motaro
59%
Female Ninja that Changes Colour Khameleon
56%
Netherrealm Sorcerer Quan Chi
54%
Vengeful Elder God Shinnok
54%
Elemental Shrouded in Flames Blaze
53%
Apache Warrior Nightwolf
53%
Motion Capture Actor Mokap
51%
Female Vampire Nitara
51%
Oni that Wields Ball and Chain Moloch
47%
Big Bad Dragon Man Onaga
47%
Flesh Pits Experiment Meat
46%
Village Maiden Li Mei
42%
White Demon Ashrah
40%
Oni Demon Drahmin
40%
Leader of the Red Dragon Mavado
40%
Red Dragon Member Hsu Hao
37%
Red Shaolin Monk Kai
37%
Yellow Elder God Worshipper Tanya
37%
Female Demon that looks like Human Sareena
35%
Army General Reiko
33%
Second in Command of Black Dragon Jarek
26%
Earthrealm Police Officer Kurtis Stryker
25%
Blind Ninja Kenshi Takahashi
15%
No matching quizzes found
Score Distribution
Percent of People with Each Score
Percentile by Number Answered
Your Score History
You have not taken this quiz